[Event "RUS-Cup06"]
[Site "Nizhnij Novgorod"]
[Date "1998.06.30"]
[Round "2"]
[White "Grischuk, Alexander"]
[Black "Rashkovsky, Nukhim N"]
[Result "1/2-1/2"]
[WhiteElo "2395"]
[BlackElo "2505"]
[PlyCount "33"]
[EventDate "1998.06.29"]
[EventType "swiss"]
[EventRounds "9"]
[EventCountry "RUS"]
[SourceTitle "EXT 2000"]
[Source "ChessBase"]
[SourceDate "1999.11.16"]
[SourceVersion "1"]
[SourceVersionDate "1999.11.16"]
[SourceQuality "1"]

1. e4 c5 2. Nf3 d6 3. d4 cxd4 4. Nxd4 Nf6 5. Nc3 a6 6. Be3 e5 7. Nb3 Be6 8. f3
Nbd7 9. g4 h6 10. Qd2 b5 11. O-O-O Be7 12. Kb1 Rc8 13. h4 Nb6 14. Na5 d5 15. g5
d4 16. gxf6 Bxf6 17. Nxb5 1/2-1/2

[Event "RUS-Cup06"]
[Site "Nizhnij Novgorod"]
[Date "1998.07.06"]
[Round "8"]
[White "Grischuk, Alexander"]
[Black "Shchekachev, Andrei"]
[Result "1/2-1/2"]
[WhiteElo "2395"]
[BlackElo "2565"]
[Annotator "Rogozenco,D"]
[PlyCount "67"]
[EventDate "1998.06.29"]
[EventType "swiss"]
[EventRounds "9"]
[EventCountry "RUS"]
[SourceTitle "EXT 2000"]
[Source "ChessBase"]
[SourceDate "1999.11.16"]
[SourceVersion "1"]
[SourceVersionDate "1999.11.16"]
[SourceQuality "1"]

1. e4 {Manor,I} c5 2. Nf3 e6 3. d4 cxd4 4. Nxd4 Nf6 5. Nc3 Nc6 6. Ndb5 d6 7.
Bf4 e5 8. Bg5 a6 9. Na3 b5 10. Bxf6 gxf6 11. Nd5 f5 12. c3 Bg7 13. exf5 Bxf5
14. Nc2 Be6 {Nowadays more popular is 14. ... 0-0.} 15. g3 ({After} 15. Nce3
Ne7 16. g3 Nxd5 17. Nxd5 {probably Black has more chances to equalise.}) 15...
O-O (15... Bxd5 {A rare move, but a possible one.} 16. Qxd5 Ne7 {Black fights
for a draw in a slightly inferior engame.} 17. Qb7 Qb8 18. Qxb8+ Rxb8 19. Nb4
Rb6 20. O-O-O a5 21. Nd5 Nxd5 22. Rxd5 b4 23. Bb5+ Ke7 24. c4 $14 {
Hracek-Zezulkin/Cze Ch-Team 1998}) 16. Bg2 a5 (16... Rb8 17. O-O Qd7 {Black
tries to save time by not playing a6-a5. As usual this has as a consequence
White´s move a2-a4.} (17... a5 {Manor,I} 18. b4 $6 Qd7 19. bxa5 Nxa5 20. Ncb4
f5 $15 {Anand-Vyzmanavin,Moscow-B,1987,1/2-1/2}) (17... Ne7 18. Nxe7+ Qxe7 19.
Nb4 Rb6 20. f4 f5 21. Bd5 a5 22. Bxe6+ Qxe6 23. Nd5 Rb7 24. Qd2 Kh8 25. a3 $14
{Short-Illescas Cordoba, Madrid,1995,1-0}) 18. a4 $1 bxa4 19. Rxa4 a5 (19...
Rxb2 20. Rxa6 $16) 20. Rc4 Rfc8 21. Qa1 Kh8 22. Nce3 f5 23. f4 $14 {
Dvoirys-Kotsur/ Russia Cup 1997}) 17. O-O f5 (17... Rb8 {Manor,I} 18. Qh5 (18.
Re1 Qd7 19. Qh5 f5 20. Rad1 e4 21. Nce3 Ne5 22. Re2 Ng6 23. Red2 Be5 24. a4
bxa4 25. Nc4 Qf7 26. Qg5 Kh8 27. Kh1 Rg8 28. Qe3 Qg7 29. Bf1 Rbf8 30. Be2 Re8
31. Qb6 Nf4 32. Nxf4 Bxf4 $40 {Short-Kramnik, Novgorod,1994, 0-1}) 18... Qd7 (
18... f5 19. Rad1 Kh8 20. Nce3 Ne7 21. Nxe7 Qxe7 22. g4 $6 e4 23. gxf5 Bxa2 24.
Kh1 Bf7 25. Qg4 b4 $11 {1/2-1/2 Ljubojevic,L-Illescas Cordoba,M/Linares 1995 
(41)}) 19. Rad1 f5 20. Nce3 Qf7 21. Qxf7+ Rxf7 22. Rd2 $11 {Ivanchuk-Illescas
Cordoba, Linares,1995,1/2-1/2}) 18. a3 {Typical in these positions. Still, I
think that such move should be played only if necessary.} (18. Re1 Rc8 19. Qd2
e4 (19... Kh8 {Manor,I} 20. Rad1 e4 21. f4 b4 22. Nce3 bxc3 23. bxc3 a4 24. g4
$6 fxg4 25. Bxe4 Ne7 26. Qf2 Bxd5 27. Nxd5 Nxd5 28. Bxd5 Bxc3 $15 {1/2-1/2
Svidler,P-Filippov,V/RUS-chT 1995 (37)}) 20. Nf4 Bf7 21. Ne3 Ne7 22. Bh3 Rc5
23. Rad1 $14 Bxa2 $4 24. b4 {1-0 David,A-Filippov,V/Open Bourbon Lancy FRA 1997
}) (18. Qe2 Rb8 19. Rad1 Kh8 20. Na3 Na7 21. Rd2 b4 22. cxb4 axb4 23. Nc2 Qa5
24. b3 e4 $13 {Dvoirys,S-Filippov,V/Russia Cup 1997 (26)}) (18. Qh5 b4 19. Nce3
Kh8 20. Rad1 bxc3 21. bxc3 Rb8 22. g4 $14 {Kindermann-Krasenkov/BL 1998}) 18...
Kh8 19. Qh5 Rb8 20. Rad1 Ne7 21. Rd2 $6 (21. Nxe7 Qxe7 22. Bd5 (22. Ne3 $2 e4
23. Kh1 b4 $15)) 21... Ng6 $1 {By bringing the Knight to g6 Black increased
his attacking potential.} 22. Nce3 Qd7 (22... f4 23. Be4 $1) 23. f4 (23. Kh1 e4
24. f4 $13) 23... Qa7 (23... e4 {Manor,I} 24. Kh1 Qf7 25. Rfd1 $14) 24. Kh1 b4
$1 $132 (24... e4 25. Re1 $14) 25. axb4 axb4 26. cxb4 (26. fxe5 bxc3 27. bxc3
dxe5 $13 28. Nxf5 $4 Bxf5 29. Rxf5 Rb1+ $19) 26... exf4 27. gxf4 Bd4 28. Nc4 (
28. Rc2 Bxe3 $1 29. Rc7 Qxc7 30. Nxc7 Bc4 $13) (28. Qe2 {Manor,I} Bxe3 29. Qxe3
Qxe3 30. Nxe3 Rxb4 31. Rxd6 Ba2 32. Rd2 Nxf4 $11) (28. Qh3 $1 {Manor,I} Qg7 29.
b3 Bc3 30. Rd3 (30. Nxf5 $2 Bxd2) 30... Bxb4 31. Nxb4 Rxb4 32. Rxd6 $16) 28...
Bxd5 (28... Rb5 $1 {Manor,I} 29. Re1 Bxd5 30. Nxd6 Rb6 $19) 29. Bxd5 Rxb4 $15
30. Qd1 (30. Nxd6 $2 Qd7 $17) 30... Be3 31. Nxe3 Qxe3 32. Rd3 Qe7 33. Qd2 (33.
Bg2 {Manor,I} Rfb8 (33... Nxf4 $2 34. Rd4) 34. Rd4 Rxb2 35. Rxd6 $11) 33...
Rxf4 $1 34. Re1 {The draw agreement looks a bit premature to me. 34. ... Ne5
deserves atention. Manor: Black is better due to his extra pawn.} (34. Re1 {
Manor,I} Ne5 35. Bg2 Rf2 36. Qxf2 Nxd3 37. Qd4+ Ne5 38. Rf1 $17) 1/2-1/2

[Event "RUS-Cup06"]
[Site "Nizhnij Novgorod"]
[Date "1998.07.07"]
[Round "9"]
[White "Dvoirys, Semen I"]
[Black "Grischuk, Alexander"]
[Result "1-0"]
[WhiteElo "2585"]
[BlackElo "2395"]
[PlyCount "77"]
[EventDate "1998.06.29"]
[EventType "swiss"]
[EventRounds "9"]
[EventCountry "RUS"]
[SourceTitle "EXT 2000"]
[Source "ChessBase"]
[SourceDate "1999.11.16"]
[SourceVersion "1"]
[SourceVersionDate "1999.11.16"]
[SourceQuality "1"]

1. e4 c5 2. Nf3 Nc6 3. d4 cxd4 4. Nxd4 Nf6 5. Nc3 d6 6. Bc4 e6 7. O-O Be7 8. a3
O-O 9. Ba2 Nxd4 10. Qxd4 b6 11. Qd3 Bb7 12. Re1 Qc7 13. Bf4 Rfd8 14. Rad1 Bc6
15. Bc4 Qc8 16. Nd5 Bxd5 17. exd5 e5 18. Ba6 Qg4 19. Be3 Nh5 20. f3 Qh4 21. g3
Qf6 22. Qe4 g6 23. f4 Bf8 24. Be2 Ng7 25. Rf1 Rac8 26. c3 Nf5 27. Bc1 Re8 28.
c4 exf4 29. Qxf4 Bh6 30. Qxh6 Nxh6 31. Rxf6 Ng4 32. Rxd6 Rxe2 33. h3 Nf2 34.
Rd2 Nxh3+ 35. Kf1 Re3 36. Kg2 Ng5 37. Rc6 Rd8 38. d6 Re1 39. Rc2 1-0

[Event "RUS-ch51"]
[Site "St Petersburg"]
[Date "1998.07.30"]
[Round "3"]
[White "Grischuk, Alexander"]
[Black "Kuzuev, Danil"]
[Result "1-0"]
[WhiteElo "2490"]
[BlackElo "2350"]
[PlyCount "69"]
[EventDate "1998.07.28"]
[EventType "swiss"]
[EventRounds "11"]
[EventCountry "RUS"]
[SourceTitle "CBM 067"]
[Source "ChessBase"]
[SourceDate "1998.11.30"]
[SourceVersion "2"]
[SourceVersionDate "1998.11.01"]
[SourceQuality "1"]

1. e4 c5 2. Nf3 e6 3. d4 cxd4 4. Nxd4 Nc6 5. Nb5 d6 6. c4 Nf6 7. N1c3 a6 8. Nd4
Bd7 9. Be2 Be7 10. O-O O-O 11. Be3 Rc8 12. Rc1 Ne5 13. b3 Ng6 14. Qd2 Qc7 15.
Rfd1 Rfd8 16. a4 Qb8 17. a5 Be8 18. Nc2 Bc6 19. Bb6 Rd7 20. Qe3 d5 21. cxd5
exd5 22. Nd4 Ba3 23. Nxc6 Bxc1 24. Nxb8 Bxe3 25. Nxd7 Bxb6 26. Nxb6 Rxc3 27.
exd5 Kf8 28. d6 Ke8 29. Bc4 Nf8 30. Re1+ Kd8 31. g3 Ne8 32. Bxf7 Nxd6 33. Rd1
Rc6 34. Bd5 Rc7 35. Bf3 1-0

[Event "RUS-ch51"]
[Site "St Petersburg"]
[Date "1998.07.31"]
[Round "4"]
[White "Sokolov, Andrei"]
[Black "Grischuk, Alexander"]
[Result "1-0"]
[WhiteElo "2565"]
[BlackElo "2490"]
[Annotator "Wedberg,T"]
[PlyCount "107"]
[EventDate "1998.07.28"]
[EventType "swiss"]
[EventRounds "11"]
[EventCountry "RUS"]
[SourceTitle "CBM 067"]
[Source "ChessBase"]
[SourceDate "1998.11.30"]
[SourceVersion "2"]
[SourceVersionDate "1998.11.01"]
[SourceQuality "1"]

{[%mdl 8]} 1. e4 e5 2. Nf3 Nc6 3. Bb5 a6 4. Ba4 Nf6 5. O-O Be7 6. Re1 b5 7. Bb3
d6 8. c3 O-O 9. h3 Nd7 10. d4 Bf6 11. a4 Bb7 12. Na3 exd4 13. cxd4 Re8 14. Bf4
Na5 15. Bc2 b4 16. Nb1 c5 17. Nbd2 Nf8 18. e5 dxe5 19. dxe5 Be7 20. Be3 $146 (
20. Qe2 Qb6 21. Bd3 Rad8 22. Nc4 Nxc4 23. Bxc4 Qc6 24. b3 Ne6 $11 {1/2-1/2
Onischuk,A-Piket,J/Wijk aan Zee 1997/CBM 57/[Wedberg] (42)}) 20... Qb6 $6 (
20... c4 $5) 21. Rc1 Red8 22. Nh2 Nc6 23. Qh5 Nd4 24. Bb1 Qe6 25. Ng4 g6 26.
Qh6 Nf5 $2 (26... Rac8) 27. Bxf5 Qxf5 28. Bxc5 $1 Bg5 29. Be3 Be7 (29... Bxh6
30. Nxh6+ Kg7 31. Nxf5+ gxf5 $18) 30. Bc5 Bg5 31. Be3 Be7 32. Rc7 Rd7 33. Rxd7
(33. Rec1 $5) 33... Nxd7 34. Bd4 Qe6 (34... Bg5 35. e6 $1 $18) 35. Qe3 Rd8 36.
Nh2 Qd5 37. Nhf3 Nc5 38. b3 Ne6 39. Bb6 Bg5 $1 $132 40. Qe2 Bxd2 41. Rd1 Nd4 $2
(41... Rc8 42. Rxd2 Qxb3 $17) 42. Bxd4 Bc3 43. Rd3 a5 44. e6 $1 Qxe6 (44...
fxe6 45. Bxc3 Qxd3 46. Qxe6+ Kf8 47. Qf6+ Ke8 48. Qh8+ Kd7 49. Ne5+ Kc7 50.
Nxd3 $18) 45. Bxc3 Rxd3 46. Qxd3 bxc3 47. Qxc3 Qd5 48. Kh2 h6 49. h4 Kh7 50.
Qe3 Bc6 51. Qf4 Bb7 52. b4 axb4 53. Qxb4 Qf5 $4 54. Qxb7 1-0

[Event "RUS-ch51"]
[Site "St Petersburg"]
[Date "1998.08.01"]
[Round "5"]
[White "Grischuk, Alexander"]
[Black "Landa, Konstantin"]
[Result "1/2-1/2"]
[WhiteElo "2490"]
[BlackElo "2520"]
[PlyCount "29"]
[EventDate "1998.07.28"]
[EventType "swiss"]
[EventRounds "11"]
[EventCountry "RUS"]
[SourceTitle "CBM 067"]
[Source "ChessBase"]
[SourceDate "1998.11.30"]
[SourceVersion "2"]
[SourceVersionDate "1998.11.01"]
[SourceQuality "1"]

1. e4 c5 2. Nf3 e6 3. d4 cxd4 4. Nxd4 Nc6 5. Nb5 d6 6. c4 Nf6 7. N1c3 a6 8. Nd4
Bd7 9. Be2 Be7 10. O-O Nxd4 11. Qxd4 O-O 12. Be3 Bc6 13. Rfd1 Qb8 14. a4 a5 15.
Bg5 1/2-1/2

[Event "RUS-ch51"]
[Site "St Petersburg"]
[Date "1998.08.03"]
[Round "7"]
[White "Karpatchev, Aleksandr"]
[Black "Grischuk, Alexander"]
[Result "0-1"]
[WhiteElo "2515"]
[BlackElo "2490"]
[Annotator "Atlas,V"]
[PlyCount "54"]
[EventDate "1998.07.28"]
[EventType "swiss"]
[EventRounds "11"]
[EventCountry "RUS"]
[SourceTitle "CBM 067"]
[Source "ChessBase"]
[SourceDate "1998.11.30"]
[SourceVersion "2"]
[SourceVersionDate "1998.11.01"]
[SourceQuality "1"]

1. e4 {[%mdl 512]} e5 2. Nf3 Nc6 3. Bc4 Bc5 4. O-O Nf6 5. d4 Bxd4 6. Nxd4 Nxd4
7. Bg5 d6 8. f4 Be6 9. Na3 Qe7 10. f5 (10. c3 Bxc4 11. Nxc4 Ne6 12. fxe5 dxe5
13. Bxf6 Qc5+ 14. Rf2 Qxc4 15. Qd5 Qxd5 16. exd5 gxf6 17. dxe6 fxe6 18. Rxf6
O-O-O 19. Re1 Rd2 20. Rf2 Rxf2 21. Kxf2 Rf8+ 22. Ke3 Kd7 23. Re2 h5 24. Ke4 Rf5
25. g3 Ke7 26. Rd2 {1/2-1/2 Mestel,A-Szmetan,J/Buenos Aires 1978/MCD-ol (26)})
10... Bxc4 11. Nxc4 O-O-O $1 {An improvement against the game Zelcic,
R-Barkhagen,J/Geneve 1995.} (11... d5 12. exd5 Qc5 13. Ne3 Ne4 14. Bh4 Nxf5 15.
Rxf5 Qxe3+ 16. Kh1 Nd6 17. Rg5 O-O 18. Qg4 g6 19. Re1 Qf4 20. Qxf4 exf4 21.
Rge5 $44 {1-0 Zelcic,R-Barkhagen,J/Geneve 1995/EXP 46 (50)}) 12. Ne3 (12. c3 d5
(12... Nc6 13. Ne3 {xd5}) 13. exd5 (13. Ne3 dxe4 14. cxd4 exd4 $44) (13. cxd4
dxc4 14. d5 Qc5+ 15. Kh1 c6 (15... Nxe4 16. Bxd8 Rxd8 $44) 16. Bxf6 gxf6 $15))
12... c6 $1 13. a4 (13. c3 Nb5 14. a4 Nc7 {and White does not have a
sufficient compensation for a pawn.}) 13... d5 $1 14. c3 dxe4 15. cxd4 exd4 $17
16. Nc4 Qb4 17. b3 Rd5 {[%cal Gd4d3,Ge4e3]} 18. a5 Re8 19. a6 b5 20. Na5 Kd7 {
White forces are discoordinated and he can't oppose anything to Black's
central pawns.} 21. Bd2 Qe7 22. Bf4 e3 {[%cal Ge3e2]} 23. Qc2 Rc5 24. Qd3 Qe4
$1 25. Rad1 e2 26. Qxd4+ Qxd4+ 27. Rxd4+ Rd5 0-1

[Event "RUS-ch51"]
[Site "St Petersburg"]
[Date "1998.08.04"]
[Round "8"]
[White "Grischuk, Alexander"]
[Black "Rashkovsky, Nukhim N"]
[Result "0-1"]
[WhiteElo "2490"]
[BlackElo "2535"]
[PlyCount "100"]
[EventDate "1998.07.28"]
[EventType "swiss"]
[EventRounds "11"]
[EventCountry "RUS"]
[SourceTitle "CBM 067"]
[Source "ChessBase"]
[SourceDate "1998.11.30"]
[SourceVersion "2"]
[SourceVersionDate "1998.11.01"]
[SourceQuality "1"]

1. e4 g6 2. d4 Bg7 3. Nc3 d6 4. Nge2 Nc6 5. d5 Ne5 6. f4 Nd7 7. Nd4 c6 8. Be3
cxd5 9. exd5 Ngf6 10. Bc4 O-O 11. O-O Nb6 12. Bb3 Ng4 13. Bc1 Qc7 14. Ne4 Bd7
15. c3 Nc4 16. Qd3 Rac8 17. Kh1 a6 18. h3 Nf6 19. Nxf6+ Bxf6 20. f5 Qc5 21.
fxg6 hxg6 22. Ne6 Bxe6 23. dxe6 Kg7 24. Bc2 Ne5 25. Qg3 Qc4 26. Bg5 Bxg5 27.
Qxg5 f6 28. Qg3 Rh8 29. Rf4 Qe2 30. Rf2 Qh5 31. Rd1 Qh4 32. Qxh4 Rxh4 33. Kg1
b5 34. Bb3 Nc4 35. Re1 Rc5 36. a4 Ne5 37. Ra1 b4 38. g3 Rxh3 39. cxb4 Rc8 40.
Kg2 Rch8 41. Bd5 Rh2+ 42. Kg1 Rxf2 43. Kxf2 Nd3+ 44. Ke3 Nxb4 45. Bc4 a5 46.
Rc1 Rc8 47. Rc3 f5 48. g4 Kf6 49. gxf5 gxf5 50. Kf4 Rc5 0-1

[Event "RUS-ch51"]
[Site "St Petersburg"]
[Date "1998.08.06"]
[Round "10"]
[White "Grischuk, Alexander"]
[Black "Rustemov, Alexander"]
[Result "1/2-1/2"]
[WhiteElo "2490"]
[BlackElo "2570"]
[Annotator "Yudasin,L"]
[PlyCount "75"]
[EventDate "1998.07.28"]
[EventType "swiss"]
[EventRounds "11"]
[EventCountry "RUS"]
[SourceTitle "CBM 067"]
[Source "ChessBase"]
[SourceDate "1998.11.30"]
[SourceVersion "2"]
[SourceVersionDate "1998.11.01"]
[SourceQuality "1"]

1. e4 g6 2. d4 Bg7 3. Nc3 d6 4. Nge2 e5 (4... Nd7 5. g3 e5 6. Bg2) (4... Nf6 5.
g3 (5. f4 $5)) 5. dxe5 (5. Be3 Nf6 6. h3) 5... dxe5 6. Qxd8+ Kxd8 7. Be3 (7.
Bg5+ f6 8. O-O-O+ Nd7 9. Be3 c6 10. Bc5 Ke8 11. Bd6 Nh6 12. f3 Nf7 13. Ba3 Bf8)
7... Be6 8. Nc1 (8. O-O-O+ Nd7 9. f4 f6 10. Ng1 Bh6 11. g3 c6) 8... Nd7 9. Nd3
c6 10. O-O-O Kc7 {/\Bh6=} 11. g3 (11. Nc5 Nxc5 12. Bxc5 Bf8) 11... h5 $1 12. h3
(12. f4 h4 13. gxh4 Rxh4 14. fxe5 Nxe5 15. Bf4 Bh6 16. Bxh6 Nxd3+ 17. cxd3 Nxh6
$15) (12. h4 Bh6 13. f4 Ngf6) 12... Bh6 (12... Ne7 13. f4 f5 14. Bg2 (14. fxe5
fxe4 15. Nxe4 Nd5 16. Bf4) 14... fxe4 15. Nxe4 Nf5 16. Bd2 $36) 13. f4 Ngf6 (
13... Ne7 14. Bg2 f6 $14) 14. Bg2 Bc4 (14... h4 15. g4 exf4 16. Nxf4 Bc4 17. b3
Ba6 18. g5 (18. Rhe1 $13) 18... Bxg5 19. Nfd5+ cxd5 20. Bxg5 $146) 15. Rhf1 $1
h4 16. g4 (16. gxh4 exf4 17. Bxf4+ Bxf4+ 18. Rxf4 Nh5 19. Rf2 Ng7 20. b3 Be6
21. Nf4 Ne5 22. h5 Nxh5 23. Nxe6+ fxe6 $15) 16... exf4 17. Bxf4+ Bxf4+ 18. Rxf4
Nh7 19. b3 Be6 (19... Bxd3 20. cxd3 Ng5 21. d4 $14) 20. Nd5+ $1 Kd8 (20... cxd5
21. exd5 Ng5 22. dxe6 fxe6 23. Rc4+ Kb8 24. Rb4 Nb6 25. Nc5) (20... Kc8 21. Rf2
Ng5 22. N3f4 cxd5 23. exd5 Bxg4 24. hxg4 h3 25. Bh1 Ne5 26. d6 $36 Nxg4) 21.
Rf2 Ng5 (21... f6 22. N5f4 Bf7 23. Nc5 (23. e5 $1 $16) 23... Nhf8 24. g5 fxg5
25. Nfd3 Be8 26. Ne5 Kc7 27. Ncxd7 Nxd7 28. Nxd7 Bxd7 29. Rf7 Rad8 $13) 22.
N3f4 $1 cxd5 (22... Kc8 23. Nxe6 fxe6 24. Ne7+) (22... Re8 23. Nf6 Re7 24.
Nxe6+ fxe6 25. Rfd2) 23. exd5 Bxg4 24. hxg4 Rc8 (24... h3 25. Nxh3 Nxh3 26. Rh1
$16) 25. d6 b6 26. Nd3 h3 27. Bb7 $1 Rc3 $6 (27... Rb8 28. Bc6 Re8 29. Nb4 a5
30. Nd5 (30. Na6 Rc8 31. Nc7 $16) 30... Re6 31. Nc7 Re5 $16) 28. Kb2 Rxd3 29.
cxd3 Ne5 30. Re2 f6 (30... Nxg4 31. Re7 h2 32. Bc6 Nf2 33. Rxa7 $1 Nxd1+ 34.
Ka3 $18) 31. Rf1 Nxg4 (31... Nxd3+ 32. Kc2 Nc5 33. Bc6 h2 34. Re7 Nge4 35. Rxa7
Nxd6 36. Rxf6 Nc8 37. Rg7 Ne7 38. Rd6+ Kc7 39. Rdxg6 $18) 32. Rg1 f5 (32... Ne5
33. Rxe5 (33. Rxg5 Nxd3+ 34. Kc3 Nc5 (34... fxg5 35. Kxd3 h2 36. Bh1 g4 37. Ke3
Re8+ 38. Kf2 g3+ 39. Kf3 $18) 35. Rxc5 bxc5 36. Bc6 h2 37. d7 h1=Q 38. Re8+ Kc7
39. Bxh1 Rh3+ 40. Kc4 Kxd7 41. Re1 $18) 33... h2 34. Rgxg5 (34. Rexg5 $1 fxg5
35. Re1 (35. Rxg5 h1=Q 36. Bxh1 Rxh1 37. Rxg6 Rh7 (37... Rh2+ 38. Ka3 Rd2)) (
35. Rh1 g4 36. Kc3 g3 37. Kd2 Rf8 38. Ke3 Rf2 {/\f2}) 35... Kd7 36. Bh1 g4 37.
Re4 Rf8 38. Rxg4 Rf1 $16) 34... h1=Q 35. Bxh1 Rxh1 $14) 33. Bc6 (33. Re7 h2 34.
Rh1 Nf2 35. Bc6 Nxh1 36. Rxa7 $18) 33... Nf7 34. Re7 h2 35. Rd7+ Ke8 (35... Kc8
36. Rc1 h1=Q 37. Rc7+ Kd8 38. Rxh1 Rxh1 39. Bxh1 Nxd6 40. Rxa7 $18) 36. Re1+ $2
(36. Rxa7+ Kf8 37. Re1 (37. Rh1 Nf2 (37... Nxd6 38. Ra8+ Kg7 39. Rxh8 Kxh8 40.
Bf3 $18) 38. Ra8+ Kg7 39. Rxh8 $18) 37... Nge5 $13) 36... Kf8 37. d4 (37. Ree7
$2 Nge5 (37... Nxd6 $1) 38. Rxa7 Nxc6 39. Rxf7+ Kg8 40. Rg7+ Kf8 41. Rgf7+ $10)
37... Nf2 38. Rf1 {38...h1Q 39.Bh1 Nh1 40.Rc1 Kg7 41.Rcc7 Rf8 42.Rf7 Rf7 43.
d7+/-,40...Rh2 41.Ka3 Rh7 42.Rc8 Kg7 43.Rf7 Kf7 44.Rc7 Ke6[Kg8 45.Rh7 Kh7 46.
d7]45.Rh7 Kd6 46.Rh2 Ng3 47.Rh6+/-  Yudasin} 1/2-1/2

[Event "Wch U16"]
[Site "Oropesa del Mar"]
[Date "1998.11.03"]
[Round "8"]
[White "Grischuk, Alexander"]
[Black "Mastrovasilis, Dimitrios"]
[Result "1/2-1/2"]
[WhiteElo "2490"]
[BlackElo "2280"]
[PlyCount "98"]
[EventDate "1998.10.25"]
[EventType "swiss"]
[EventRounds "11"]
[EventCountry "ESP"]
[SourceTitle "CBM 067 Extra"]
[Source "ChessBase"]
[SourceDate "1999.01.01"]
[SourceVersion "1"]
[SourceVersionDate "1999.01.01"]
[SourceQuality "1"]

1. e4 c5 2. Nf3 e6 3. d4 cxd4 4. Nxd4 Nc6 5. Nb5 d6 6. c4 Nf6 7. N1c3 a6 8. Na3
Be7 9. Be2 O-O 10. O-O b6 11. Be3 Ne5 12. f4 Ned7 13. Bf3 Bb7 14. Re1 Qc7 15.
Rc1 Rac8 16. Qe2 h6 17. g3 Kh8 18. Bg2 Qb8 19. h3 Qa8 20. Bf2 Rg8 21. Bd4 e5
22. Bf2 exf4 23. gxf4 g5 24. Nd5 gxf4 25. Qf3 Bxd5 26. exd5 Ne5 27. Qxf4 Rg6
28. Bd4 Rcg8 29. Re2 Nd3 30. Qf5 Rxg2+ 31. Rxg2 Rxg2+ 32. Kxg2 Qg8+ 33. Kf3
Nxc1 34. Bxf6+ Bxf6 35. Qxf6+ Qg7 36. Qxg7+ Kxg7 37. Nc2 Nd3 38. b3 Kf6 39. Nd4
a5 40. Ke3 Nc5 41. a3 Nd7 42. Nc6 Ne5 43. Ke4 Nd7 44. Kd4 Nc5 45. b4 axb4 46.
axb4 Na6 47. Ke3 h5 48. h4 Kf5 49. Kf3 f6 1/2-1/2

[Event "Wch U16"]
[Site "Oropesa del Mar"]
[Date "1998.11.06"]
[Round "10"]
[White "Fluvia Poyatos, Joan"]
[Black "Grischuk, Alexander"]
[Result "0-1"]
[WhiteElo "2295"]
[BlackElo "2490"]
[PlyCount "64"]
[EventDate "1998.10.25"]
[EventType "swiss"]
[EventRounds "11"]
[EventCountry "ESP"]
[SourceTitle "CBM 067 Extra"]
[Source "ChessBase"]
[SourceDate "1999.01.01"]
[SourceVersion "1"]
[SourceVersionDate "1999.01.01"]
[SourceQuality "1"]

1. e4 e5 2. Nf3 Nc6 3. d4 exd4 4. c3 dxc3 5. Bc4 d6 6. Nxc3 Nf6 7. Qb3 Qd7 8.
Ng5 Ne5 9. Bb5 c6 10. f4 cxb5 11. fxe5 dxe5 12. Be3 a5 13. O-O a4 14. Qxb5 Bd6
15. Qe2 O-O 16. Rxf6 gxf6 17. Nxh7 Kxh7 18. Qh5+ Kg8 19. Nd5 Be7 20. Rf1 f5 21.
Rxf5 Ra6 22. Bg5 Bc5+ 23. Kh1 Qxd5 24. Bf6 Qd1+ 25. Qxd1 Bxf5 26. exf5 Rxf6 27.
Qc1 Rd8 28. g4 Bf8 29. Qc7 Rd2 30. Qxb7 Rh6 31. g5 Rhxh2+ 32. Kg1 Bc5+ 0-1

[Event "Wch U16"]
[Site "Oropesa del Mar"]
[Date "1998.11.07"]
[Round "11"]
[White "Grischuk, Alexander"]
[Black "Kovchan, Alexander"]
[Result "1/2-1/2"]
[WhiteElo "2490"]
[BlackElo "2330"]
[PlyCount "118"]
[EventDate "1998.10.25"]
[EventType "swiss"]
[EventRounds "11"]
[EventCountry "ESP"]
[SourceTitle "CBM 067 Extra"]
[Source "ChessBase"]
[SourceDate "1999.01.01"]
[SourceVersion "1"]
[SourceVersionDate "1999.01.01"]
[SourceQuality "1"]

1. e4 c5 2. Nf3 Nc6 3. d4 cxd4 4. Nxd4 g6 5. c4 Bg7 6. Be3 Nf6 7. Nc3 d6 8. Be2
O-O 9. O-O Bd7 10. Qd2 Nxd4 11. Bxd4 Bc6 12. f3 a5 13. b3 Nd7 14. Be3 Nc5 15.
Rab1 Qb6 16. Rfc1 Rfc8 17. Rc2 Qd8 18. Bf1 Qe8 19. Rbc1 b6 20. Nd5 Rab8 21. Qf2
e6 22. Nc3 Qe7 23. Rd1 Rd8 24. Bd4 Bxd4 25. Qxd4 Rd7 26. Rb2 Rbd8 27. Qe3 Qf6
28. Rbd2 Qe5 29. Qd4 Qg5 30. Qf2 Qe5 31. Qd4 Qg5 32. Qf2 Qf4 33. Ne2 Qf6 34.
Qd4 Qe7 35. Nc3 Qh4 36. Qe3 Qf6 37. Qd4 Qf4 38. Ne2 Qg5 39. Nc3 d5 40. cxd5
exd5 41. exd5 Bxd5 42. Nxd5 Rxd5 43. Qxd5 Rxd5 44. Rxd5 Qe3+ 45. Kh1 g5 46. Bc4
Kg7 47. R5d2 Qf4 48. Re2 Nb7 49. Re4 Qf6 50. Red4 Nc5 51. a3 b5 52. Bxb5 Nxb3
53. Rd5 Qf4 54. a4 h6 55. h3 Kf8 56. Rd8+ Kg7 57. Rc8 Qe5 58. Re8 Qc5 59. Red8
Qf2 1/2-1/2

[Event "Linares Anibal op 06th"]
[Site "Linares"]
[Date "1999.01.12"]
[Round "5"]
[White "Grischuk, Alexander"]
[Black "Burmakin, Vladimir"]
[Result "0-1"]
[WhiteElo "2490"]
[BlackElo "2560"]
[PlyCount "122"]
[EventDate "1999.01.??"]
[EventType "swiss"]
[EventRounds "10"]
[EventCountry "ESP"]
[SourceTitle "CBM 068 Extra"]
[Source "ChessBase"]
[SourceDate "1999.03.01"]
[SourceVersion "1"]
[SourceVersionDate "1999.03.01"]
[SourceQuality "1"]

1. e4 c6 2. d4 d5 3. Nc3 g6 4. e5 h5 5. Nf3 Bg4 6. h3 Bxf3 7. Qxf3 e6 8. Bd3 c5
9. dxc5 Nc6 10. O-O Bxc5 11. Bf4 g5 12. Bg3 a6 13. Ne2 Qc7 14. c4 Nxe5 15. Bxe5
Qxe5 16. cxd5 g4 17. Qg3 Qxd5 18. Nf4 Qg5 19. Rfe1 Rd8 20. Rxe6+ fxe6 21. Nxe6
Bd6 22. Nxg5 Bxg3 23. Bg6+ Ke7 24. fxg3 Nh6 25. Re1+ Kd6 26. Bxh5 Kc6 27. hxg4
Rdg8 28. Nf3 Kc7 29. Re4 Rg7 30. Rf4 Ng8 31. Rf8 Rh6 32. Nd4 Ne7 33. Rf4 Kd7
34. Bf7 Rd6 35. Bb3 Ng6 36. Re4 Re7 37. Rxe7+ Nxe7 38. Nf5 Rd2 39. Nh4 Rxb2 40.
g5 Ke8 41. g4 Kf8 42. Nf5 b5 43. Nd4 Ng6 44. Ne6+ Ke7 45. Nc7 Nf4 46. Nxa6
Rxg2+ 47. Kf1 Rxg4 48. a4 Rxg5 49. axb5 Rxb5 50. Bc4 Rb2 51. Kg1 Kd6 52. Kf1
Kc6 53. Kg1 Nd5 54. Bd3 Ne3 55. Be4+ Kd6 56. Bf3 Rd2 57. Bb7 Nd5 58. Nb8 Kc7
59. Bxd5 Rxd5 60. Na6+ Kb6 61. Nb4 Rd4 0-1